High information content flat panel displays and subassemblies thereof from Japan

Đã lưu trong:
Sonraí Bibleagrafaíochta
Formáid: Leabhar
Teanga:Undetermined
Foilsithe: Washington United States International Trade Commission 1990
Ábhair:
Clibeanna: Cuir Clib Leis
Gan Chlibeanna, Bí ar an gcéad duine leis an taifead seo a chlibeáil!
Thư viện lưu trữ: Trung tâm Học liệu Trường Đại học Cần Thơ
LEADER 00526nam a2200157Ia 4500
001 CTU_98252
008 210402s9999 xx 000 0 und d
082 |a 621.3815 
082 |b H638 
245 0 |a High information content flat panel displays and subassemblies thereof from Japan 
260 |a Washington 
260 |b United States International Trade Commission 
260 |c 1990 
650 |a Liquid crystal displays,Information display systems 
904 |i Truc 
980 |a Trung tâm Học liệu Trường Đại học Cần Thơ